Revelations of an international spy (Record no. 5845)

MARC details
000 -CABECERA
campo de control de longitud fija 00737nam a2200241 a 4500
001 - NÚMERO DE CONTROL
campo de control BRCA_6158
005 - FECHA Y HORA DE LA ÚLTIMA TRANSACCIÓN
campo de control 20190320205344.0
008 - DATOS DE LONGITUD FIJA--INFORMACIÓN GENERAL
campo de control de longitud fija 060711s1916----nyuao#####---#000-0#eng-#
041 ## - CÓDIGO DE LENGUA
Código de lengua del texto/banda sonora o título independiente eng
044 ## - CÓDIGO DEL PAÍS DE LA ENTIDAD EDITORA/PRODUCTORA
Código MARC del país nyu
050 #4 - SIGNATURA TOPOGRÁFICA DE LA BIBLIOTECA DEL CONGRESO
Número de clasificación D511
Número de documento/Ítem .L56 1916
100 1# - ENTRADA PRINCIPAL--NOMBRE DE PERSONA
Nombre de persona Trebitsch-Lincoln, Ignatius Timothy
Fechas asociadas al nombre 1879-1943
9 (RLIN) 15519
245 10 - MENCIÓN DE TÍTULO
Título Revelations of an international spy
Mención de responsabilidad, etc. by I. T. T. Lincoln
260 ## - PUBLICACIÓN, DISTRIBUCIÓN, ETC.
Lugar de publicación, distribución, etc. Nueva York
Nombre del editor, distribuidor, etc. Robert M. McBride
Fecha de publicación, distribución, etc. 1916
300 ## - DESCRIPCIÓN FÍSICA
Extensión 323 p.
Otras características físicas il., fotografías
Dimensiones 21 cm.
500 ## - NOTA GENERAL
Nota general K41
650 14 - PUNTO DE ACCESO ADICIONAL DE MATERIA--TÉRMINO DE MATERIA
Término de materia o nombre geográfico como elemento de entrada Guerra Europea
Subdivisión cronológica 1914-1918
9 (RLIN) 14945
650 14 - PUNTO DE ACCESO ADICIONAL DE MATERIA--TÉRMINO DE MATERIA
Término de materia o nombre geográfico como elemento de entrada Servicio secreto
Subdivisión geográfica Gran Bretaña
9 (RLIN) 15520
650 14 - PUNTO DE ACCESO ADICIONAL DE MATERIA--TÉRMINO DE MATERIA
Término de materia o nombre geográfico como elemento de entrada Servicio secreto
Subdivisión geográfica Alemania
9 (RLIN) 7639
650 14 - PUNTO DE ACCESO ADICIONAL DE MATERIA--TÉRMINO DE MATERIA
Término de materia o nombre geográfico como elemento de entrada Europa
Término indicativo de función/relación Política
Subdivisión cronológica 1871
9 (RLIN) 15521
902 ## - CATALOGADOR
Iniciales GFM
942 ## - ELEMENTOS DE PUNTO DE ACCESO ADICIONAL (KOHA)
Fuente del sistema de clasificación o colocación Library of Congress Classification
Tipo de ítem Koha Libros
Holdings
Estado de retiro Estado de pérdida Estado dañado No para préstamo Localización permanente Ubicación/localización actual Fecha de adquisición Número de inventario Total de préstamos Signatura topográfica completa Código de barras Fecha visto por última vez Precio válido a partir de Tipo de ítem Koha
El ejemplar forma parte de la colección y puede ser consultado según las políticas vigentes.       Biblioteca del Museo Franz Mayer (Rogerio Casas-Alatriste) Biblioteca del Museo Franz Mayer (Rogerio Casas-Alatriste) 06/07/2011 K41   D511 .L56 1916 (K41) 6597 22/03/2019 22/03/2019 Libros